Investment opportunities in Thailand

保存先:
書誌詳細
フォーマット: 図書
言語:Undetermined
出版事項: Thailand Invest Bangkok 1985
主題:
タグ: タグ追加
タグなし, このレコードへの初めてのタグを付けませんか!
Thư viện lưu trữ: Trung tâm Học liệu Trường Đại học Cần Thơ
LEADER 00409nam a2200157Ia 4500
001 CTU_84859
008 210402s9999 xx 000 0 und d
082 |a 332.6 
082 |b I.62 
245 0 |a Investment opportunities in Thailand 
260 |a Thailand 
260 |b Invest Bangkok 
260 |c 1985 
650 |a investment 
650 |z thailand 
980 |a Trung tâm Học liệu Trường Đại học Cần Thơ